| 000 | 00465nam a2200169Ia 4500 | ||
|---|---|---|---|
| 003 | IN-BaIIA | ||
| 008 | 211028s9999 xx 000 0 eng d | ||
| 040 | _cIIA Library | ||
| 080 |
_a524 _bHYN |
||
| 245 | 0 |
_aAstrophysics _ba topical symposium _cedited by J. A. Hynek |
|
| 260 |
_aNew York _bMcGraw-Hill _c1951 |
||
| 300 | _axii, 703p. | ||
| 490 | _aMcGraw-Hill Astronomical Series | ||
| 650 |
_aAstrophysics _9794 |
||
| 700 |
_aHynek, J. A., ed. _96839 |
||
| 942 | _cBK | ||
| 999 |
_c3844 _d3844 |
||